Vzdelávanie budúcich mladých podnikateľov prostredníctvom aktivizujúcich vyučovacích metód

Moderné vyučovanie by malo úzko súvisieť s jednou z najdôležitejších didaktických zásad, zásadou aktivity a uvedomelosti. Formy, ktoré zabezpečia trvácnosť vedomostí, rozvíjajú logické myslenie a súčasne sú schopné začleniť nové poznatky do sústavy už nadobudnutých poznatkov.

Guardado en:
Detalles Bibliográficos
Autor principal: Kovalev, Andrej
Otros Autores: Raneta, Leonid, 1982-
Formato: Capítulo de libro
Lenguaje:eslovaco
Materias:
Etiquetas: Agregar Etiqueta
Sin Etiquetas, Sea el primero en etiquetar este registro!

MARC

LEADER 00000nla a2200000 4500
001 0179902
005 20240502073047.2
041 0 |a slo 
044 |a SK 
245 1 0 |a Vzdelávanie budúcich mladých podnikateľov prostredníctvom aktivizujúcich vyučovacích metód  |c Andrej Kovalev, Leonid Raneta 
520 |a Moderné vyučovanie by malo úzko súvisieť s jednou z najdôležitejších didaktických zásad, zásadou aktivity a uvedomelosti. Formy, ktoré zabezpečia trvácnosť vedomostí, rozvíjajú logické myslenie a súčasne sú schopné začleniť nové poznatky do sústavy už nadobudnutých poznatkov. 
610 2 0 |a vzdelávanie vysokoškolské 
610 2 0 |a programy študijné 
610 2 0 |a predmety učebné 
610 2 0 |a vedomosti 
610 2 0 |a pedagogika 
610 2 0 |a didaktika 
100 1 |a Kovalev, Andrej 
700 1 |a Raneta, Leonid, 1982-